Lee Byung-hun Filmography - Statistics

General Stats
  • This quiz has been taken 16 times
  • The average score is 33 of 71
Answer Stats
Type Year Name % Correct
Film 2002 Addicted
100%
TV Show 2018 Mr. Sunshine
100%
Web Series 2021-2025 Squid Game
100%
Film 2025 The Match
100%
Film 2005 A Bittersweet Life
75%
Film 2017 A Single Rider
75%
Film 2001 Bungee Jumping of Their Own
75%
Film 2021 Emergency Declaration
75%
Film 2007 Hero
75%
Film 2009 I Come with the Rain
75%
Music Video 2017 I Luv It
75%
Film 2015 Inside Men
75%
TV Show 2009 Iris
75%
Film 2010 Iris: The Movie
75%
Film 2010 I Saw the Devil
75%
Film 2000 Joint Security Area
75%
Film 2018 Keys to the Heart
75%
Film 1996 Kill the Love
75%
Film 2016 Master
75%
Film 2016 Misconduct
75%
Film 2025 No Other Choice
75%
Film 2006 Once in a Summer
75%
TV Show 2022 Our Blues
75%
Film 2013 RED 2
75%
Film 2017 The Fortress
75%
Film 1999 The Harmonium in My Memory
75%
Film 2020 The Man Standing Next
75%
Film 2004 Three... Extremes
75%
TV Show 2003 All In
50%
Film 2019 Ashfall
50%
Film 2023 Concrete Utopia
50%
Film 2004 Everybody Has Secrets
50%
Film 2013 G.I. Joe: Retaliation
50%
Film 2009 G.I. Joe: The Rise of Cobra
50%
TV Show 1999 Happy Together
50%
TV Show 2001 Happy Together
50%
Film 2025 KPop Demon Hunters
50%
Film 2012 Masquerade
50%
Film 2015 Memories of the Sword
50%
Film 2015 Terminator Genisys
50%
Film 2016 The Age of Shadows
50%
Film 2008 The Good, the Bad, the Weird
50%
Film 2010 The Influence
50%
Film 2016 The Magnificent Seven
50%
Film 1995 Who Drives Me Mad?
50%
TV Show 1999 8 Love Stories
25%
TV Show 1995 Asphalt Man
25%
TV Show 2001 Beautiful Days
25%
Award Show 2011, 2016 MAMA Awards
25%
Film 2002 My Beautiful Girl, Mari
25%
Film 1995 Run Away
25%
Documentary 2025 Squid Game: Making Season 2
25%
TV Show 1992-1994 Tomorrow Love
25%
TV Show 1991 Asphalt My Hometown
0%
TV Show 1997 Beautiful My Lady
0%
Film 1998 Extras
0%
TV Show 2011 Gaikôkan Kuroda Kôsaku
0%
TV Documentary 2009 Hip Korea: Seoul Savvy - Byung Hun Lee
0%
Web Series 2025 Hot Ones Versus
0%
Film 1997 Lament
0%
Short Film 2015 Rush Hour 4: Face/Off 2
0%
Web Series 2021 Saturday Night Live Korea
0%
Documentary 2013 SBS Special
0%
TV Show 2009, 2011 SmapxSmap
0%
Film 1996 Space Armageddon
0%
Short Documentary 2025 Squid Game in Conversation
0%
Director 2013 The Cravings
0%
Documentary 2012 The Final Empire
0%
Music Video 1998 To Heaven
0%
TV Show 1997-1998 Weding Deureseu
0%
TV Show 1998 White Nights 3.98
0%
No matching quizzes found
Score Distribution
Percent of People with Each Score
Percentile by Number Answered
Your Score History
You have not taken this quiz